| 000 | 00922nam a2200277 i 4500 | ||
|---|---|---|---|
| 001 | 47794 | ||
| 003 | ES-MaACL | ||
| 005 | 20250625063142.0 | ||
| 007 | t| | ||
| 008 | 030528s1988 sp ||||0| spa | ||
| 020 | _a84-7719-097-6 | ||
| 080 | _a739.1 Arfe, Enrique de (043.2) | ||
| 080 | _a739.1.033.5(462.1)(043.2) | ||
| 100 | 1 |
_aHerráez Ortega, María Victoria, _d1958- _9127935 |
|
| 245 | 1 | 0 |
_aEnrique de Arfe y la orfebrería gótica en León / _cMaría Victoria Herráez Ortega. |
| 260 |
_aLeón : _bUniversidad de León, _c[1988] |
||
| 300 |
_a280 p., [46] p. de lám : _bil ; _c24 cm. |
||
| 500 | _aÍndices. | ||
| 502 | _aTesis-Univ. de León. | ||
| 504 | _aBibliografía: p. 251-261. | ||
| 600 | 1 | 4 |
_aArfe, Enrique de. _9171193 |
| 650 | 1 | 4 |
_aOrfebrería gótica- _zLeón (Provincia) _9171194 |
| 710 | 2 |
_aUniversidad de León. _97200 |
|
| 852 |
_aES-MaACL _jL-26397 |
||
| 999 |
_c47794 _d47794 |
||